Chansons les plus streamées : Alice on the roof - Statistiques

Statistiques générales
  • Ce quiz a été pris 2 fois
  • Le résultat moyen est 6 sur 10
Statistiques - réponses
Streams Chanson % Correct
6 000 000 How Long
100%
3 000 000 Malade
100%
5 000 000 Anything to Feel Alive (avec FRIDAY)
50%
8 000 000 Easy Come Easy Go
50%
9 500 000 L'amour à la plage (avec Suarez)
50%
4 000 000 Lucky You
50%
6 000 000 Mystery Light
50%
1 100 000 T'as Quitté La Planète ?
50%
1 600 000 The Right Words
50%
1 200 000 Let Me Down
0%
Aucun quiz correspondant
Distribution des résultats
% des personnes avec chaque résultat
Percentile par nombre de réponses
Votre historique - résultats
Vous n’avez pas pris ce quiz